000 00748nam a2200253Ia 4500
003 OSt
005 20220918201708.0
006 a|||||r|||| 00| 0
007 ta
008 220917b |||||||| |||| 00| 0 eng d
024 _a95,767
037 _cTextual
040 _aARTS
_cARTS
_beng
041 _2eng
_aeng
082 _aV2:19158(X:8).N9, N0
100 _aMehrotra Santosh
_9100182
245 0 _aIndia and the soviet union
_b Trade and technology transfer
260 _aCambridge
_bCambridge University Press
_c1998
300 _axvi, 242p.
_ccm.
490 _aSoviet and East European studies; 73
650 _aHISTORY
942 _hV2:19158(X:8).N9, N0
_cTEXL
_2CC
999 _c219388
_d219388